000 00596nam a22001697a 4500
003 LK-CoMWRAF
008 240527b |||||||| |||| 00| 0 eng d
040 _aLK-CoMWRAF
_dLK-CoMWRAF
_eLK-CoMWRAF
041 _aeng
082 _a303.69
_bHUM
111 _aHUMANITARIAN ISSUES OF INTERNALLY DISPLACED PERSONS
_c(Colombo
_d8th August 2006)
245 _aProceedings of the panel discussion on humanitarian issues of internally displaced persons
260 _aColombo:
_bCouncil for public policy,
_c2006
300 _a47 p.
650 _aINTERNALLY DISPLACED PEOPLE-Congresses-Sri Lanka
942 _cCP
999 _c4900
_d4900